Govt. of
Madhya Pradesh

The Masters of English Literature (Record no. 46821)

MARC details
000 -LEADER
fixed length control field 004530000a22001810004500
003 - CONTROL NUMBER IDENTIFIER
control field MACL
005 - DATE AND TIME OF LATEST TRANSACTION
control field 20150705154432.0
008 - FIXED-LENGTH DATA ELEMENTS--GENERAL INFORMATION
fixed length control field 150705b xxu||||| |||| 00| 0 eng d
040 ## - CATALOGING SOURCE
Original cataloging agency MACL
Transcribing agency MACL
041 ## - LANGUAGE CODE
Language code of text/sound track or separate title English
082 ## - DEWEY DECIMAL CLASSIFICATION NUMBER
Classification number 820/GWY
100 ## - MAIN ENTRY--PERSONAL NAME
Personal name Gwynn,Stephen
9 (RLIN) 926
245 ## - TITLE STATEMENT
Title The Masters of English Literature
260 ## - PUBLICATION, DISTRIBUTION, ETC. (IMPRINT)
Place of publication, distribution, etc. Panchkula
Name of publisher, distributor, etc. Better Books
Date of publication, distribution, etc. 2009
350 ## - PRICE (NR) (BK AM CF MU VM SE) [OBSOLETE]
Price 695
650 ## - SUBJECT ADDED ENTRY--TOPICAL TERM
Topical term or geographic name as entry element English Literature
9 (RLIN) 927
942 ## - ADDED ENTRY ELEMENTS (KOHA)
Koha item type Books
Call number prefix 820/GWY
Source of classification or shelving scheme
Holdings
Withdrawn status Lost status Source of classification or shelving scheme Damaged status Not for loan Home library Current library Date acquired Total Checkouts Full call number Barcode Date last seen Date last checked out Uniform Resource Identifier Price effective from Koha item type
          MACL MACL 15/04/2015 1 820/GWY CRE025303 02/05/2024 29/11/2022 47277 15/04/2015 Books